|
|
|
|
| LEADER |
00994nam a2200325 4500 |
| 001 |
DLU090093477 |
| 005 |
##20091201 |
| 040 |
# |
# |
|a DLU
|b eng
|
| 041 |
# |
# |
|a eng
|
| 044 |
# |
# |
|a us
|
| 100 |
# |
# |
|a Kofinas, Peter.
|
| 245 |
# |
# |
|a Reactive phosphorus removal from aquaculture and poultry productions systems using polymeric hydrogels /
|c Peter Kofinas, Dimitri R. Kioussis.
|
| 653 |
# |
# |
|a Allyl resin
|
| 653 |
# |
# |
|a Amine polymer
|
| 653 |
# |
# |
|a Colloidal gel
|
| 653 |
# |
# |
|a Hydrogel
|
| 653 |
# |
# |
|a Physicochemical purification
|
| 653 |
# |
# |
|a Polyelectrolyte
|
| 653 |
# |
# |
|a Poultry
|
| 700 |
# |
# |
|a Kioussis, Dimitri R.
|
| 773 |
# |
# |
|t Environmental Science & Technology
|g Vol. 37, no. 2 (January 2003), p. 423-427
|
| 920 |
# |
# |
|a Phòng Tạp chí -- Trung tâm Thông tin - Thư viện Trường Đại học Đà Lạt
|
| 994 |
# |
# |
|a DLU
|
| 900 |
# |
# |
|a True
|
| 911 |
# |
# |
|a Trương Bảo Trâm Anh
|
| 925 |
# |
# |
|a G
|
| 926 |
# |
# |
|a A
|
| 927 |
# |
# |
|a BB
|
| 980 |
# |
# |
|a Thư viện Trường Đại học Đà Lạt
|